000 00358nam a2200145Ia 4500
008 230917s9999||||xx |||||||||||||| ||und||
040 _e29809
_aMAIN
041 _aEnglish
082 _a574.1929 M315B
100 _aManitto, Paolo
245 0 _aBiosynthesis of natural products
260 _aEngland
_bEllis Horwood
_c1981
300 _a548 p.
942 _cBK
999 _c92602
_d92602